50 Largest Cities in Lithuania - Statistics

General Stats
  • This quiz has been taken 141 times
  • The average score is 30 of 50
Answer Stats
Population City % Correct
580,020 Vilnius
100%
289,380 Kaunas
99%
149,157 Klaipėda
93%
101,514 Šiauliai
88%
85,885 Panevėžys
85%
49,888 Alytus
84%
34,968 Marijampolė
84%
25,395 Utena
78%
32,477 Mažeikiai
73%
16,046 Palanga
73%
21,294 Telšiai
73%
26,427 Jonava
72%
12,055 Druskininkai
69%
21,516 Tauragė
69%
22,677 Kėdainiai
65%
14,986 Šilutė
64%
16,750 Plungė
63%
10,146 Biržai
62%
20,154 Ukmergė
62%
4,836 Ignalina
60%
16,580 Kretinga
60%
18,024 Visaginas
60%
11,588 Elektrėnai
57%
9,711 Jurbarkas
57%
4,988 Šakiai
56%
9,900 Joniškis
53%
6,361 Pasvalys
53%
9,686 Raseiniai
53%
7,892 Varėna
53%
9,444 Vilkaviškis
53%
14,402 Gargždai
52%
15,154 Radviliškis
52%
7,367 Kaišiadorys
51%
7,194 Naujoji Akmenė
51%
11,765 Rokiškis
51%
8,491 Anykščiai
50%
9,873 Garliava
50%
5,497 Molėtai
49%
5,907 Kupiškis
48%
10,829 Kuršėnai
48%
5,163 Skuodas
48%
7,499 Kelmė
47%
6,715 Šalčininkai
47%
6,051 Zarasai
47%
8,451 Prienai
45%
5,513 Širvintos
45%
10,004 Lentvaris
44%
5,286 Pabradė
40%
10,808 Grigiškės
38%
5,666 Kazlų Rūda
38%
No matching quizzes found
Score Distribution
Percent of People with Each Score
Percentile by Number Answered
Your Score History
You have not taken this quiz